000
00210 a2200097 4500
001
52216
100
_a
Scott J
245
_a
Man Who Loved the Normandie
260
_a
London
_b
Granda
_c
090
_c
32879
_d
32879
942
_a
NUST-CAE
_c
M
_c
25423
999
_c
287289
_d
287289